Beyond separate spheres : the intellectual roots of modern feminism /

Bibliographic Details
Main Author: Rosenberg, Rosalind, 1946-
Format: Book
Language:English
Published: New Haven : Yale University Press, [1982]
Subjects:

MARC

Tag First Indicator Second Indicator Subfields
LEADER 00000cam a22000008a 4500
001 in00000090202
005 20151008065628.0
008 810924s1982 ctuac b 00110 eng
010 |a  81015967  
020 |a 0300026951 
035 |a (OCoLC)07836674 
035 |9 AAK6289AM 
039 0 |a 2  |b 3  |c 3  |d 3  |e 3 
040 |a DLC  |c DLC  |d TXA  |d UtOrBLW 
043 |a n-us--- 
049 |a TXAM  |c [388653] 
050 0 0 |a HQ1410  |b .R67 1982 
082 0 |a 305.4/2/0973  |2 19 
100 1 |a Rosenberg, Rosalind,  |d 1946- 
245 1 0 |a Beyond separate spheres :  |b the intellectual roots of modern feminism /  |c Rosalind Rosenberg. 
263 |a 8205 
264 1 |a New Haven :  |b Yale University Press,  |c [1982] 
264 4 |c ©1982 
300 |a xxii, 288 pages :  |b illustrations, portrait ;  |c 24 cm. 
336 |a text  |b txt  |2 rdacontent 
337 |a unmediated  |b n  |2 rdamedia 
338 |a volume  |b nc  |2 rdacarrier 
500 |a Includes index. 
504 |a Bibliography: pages 249-278. 
650 0 |a Feminism  |z United States  |x Philosophy. 
650 0 |a Women social scientists  |z United States  |x Attitudes  |x History. 
650 0 |a Women college graduates  |z United States  |x Attitudes  |x History. 
999 |a MARS 
999 f f |s dd693db2-723c-3c41-9742-71a38e1dbbdf  |i f2e46a3e-9020-3a5f-abb7-917859b47397  |t 0 
952 f f |p ric  |a Texas A&M University  |b Rellis Campus  |c Joint Library Facility  |d Remote Storage  |t 0  |e HQ1410 .R67 1982  |h Library of Congress classification  |i unmediated -- volume  |m A14806002316 
998 f f |a HQ1410 .R67 1982  |t 0  |l Remote Storage